000 00377pab a2200157 454500
008 180718b1998 xxu||||| |||| 00| 0 eng d
100 _aKalia, Anil
245 _aWomen workers: invisible and unprotected
260 _c1998
300 _ap.9-13
362 _aApr
650 _aWomen workers - India
650 _aWomen workers
773 _aSocial Welfare
909 _a37306
999 _c37306
_d37306